Devin Townsend All Songs - Statistics

General Stats
  • This quiz has been taken 170 times
    6 since last reset
  • The average score is 123 of 456
Answer Stats
Artist Album Answer % Correct
Devin Townsend Ocean Machine: Biomech Bastard
100%
Devin Townsend Ziltoid The Omniscient By Your Command
100%
Devin Townsend Ziltoid The Omniscient Color Your World
100%
The Devin Townsend Band Accelerated Evolution Deadhead
100%
Devin Townsend Physicist Death
100%
Devin Townsend Project Deconstruction Deconstruction
100%
Devin Townsend Dark Matters Earth
100%
Devin Townsend Terria Earth Day
100%
Devin Townsend Ocean Machine: Biomech Funeral
100%
Devin Townsend Project Epicloud Grace
100%
Devin Townsend Ziltoid The Omniscient Hyperdrive
100%
Devin Townsend Project Addicted Hyperdrive!
100%
Strapping Young Lad Alien Imperial
100%
Devin Townsend Project Deconstruction Juular
100%
Devin Townsend Project Ki Ki
100%
Devin Townsend Tests of Manhood King
100%
Devin Townsend Physicist Kingdom
100%
Devin Townsend Project Epicloud Kingdom
100%
Strapping Young Lad Alien Love?
100%
Devin Townsend Terria Mountain
100%
Devin Townsend Christeen (Plus Four Demos) EP OM
100%
Devin Townsend Project Addicted OM
100%
Devin Townsend Project Deconstruction Planet of the Apes
100%
Devin Townsend Ziltoid The Omniscient Planet Smasher
100%
Strapping Young Lad Alien Shitstorm
100%
Strapping Young Lad Alien Skeksis
100%
Devin Townsend Ziltoid The Omniscient Solar Winds
100%
Devin Townsend Ocean Machine: Biomech The Death of Music
100%
Devin Townsend Ziltoid The Omniscient The Greys
100%
Strapping Young Lad Alien We Ride
100%
Devin Townsend Ziltoid The Omniscient Ziltoidia Attaxx!!!
100%
Devin Townsend Ziltoid The Omniscient ZTO
100%
Devin Townsend Ocean Machine: Biomech 3 A.M
67%
Strapping Young Lad City AAA
67%
Devin Townsend Project Addicted Addicted!
67%
Strapping Young Lad Strapping Young Lad Aftermath
67%
Strapping Young Lad City All Hail The New Flesh
67%
Strapping Young Lad The New Black Almost Again
67%
Devin Townsend Project Addicted Awake!!
67%
The Devin Townsend Band Synchestra Babysong
67%
Devin Townsend Infinity Bad Devil
67%
Devin Townsend Project Addicted Bend It Like Bender!
67%
Devin Townsend Terria Canada
67%
Devin Townsend Christeen (Plus Four Demos) EP Christeen
67%
Devin Townsend Infinity Christeen
67%
Casualties of Cool Casualties of Cool Daddy
67%
Devin Townsend Terria Deep Peace
67%
The Devin Townsend Band Accelerated Evolution Depth Charge
67%
Devin Townsend Devlab Devlab I
67%
Devin Townsend Devlab Devlab II
67%
Devin Townsend Devlab Devlab III
67%
Devin Townsend Devlab Devlab IV
67%
Devin Townsend Devlab Devlab IX
67%
Devin Townsend Devlab Devlab V
67%
Devin Townsend Devlab Devlab VI
67%
Devin Townsend Devlab Devlab VII
67%
Devin Townsend Devlab Devlab VIII
67%
Devin Townsend Devlab Devlab X
67%
Devin Townsend Devlab Devlab XI
67%
Devin Townsend Devlab Devlab XII
67%
Devin Townsend Devlab Devlab XIII
67%
Devin Townsend Devlab Devlab XIV
67%
Devin Townsend Devlab Devlab XV
67%
Devin Townsend Physicist Devoid
67%
Devin Townsend Project Epicloud Divine
67%
Devin Townsend Project Epicloud Effervescent!
67%
Devin Townsend Project Epicloud Epicloud
67%
Strapping Young Lad The New Black Far Beyond Metal
67%
Devin Townsend Project Ghost Feather
67%
Devin Townsend Project Ghost Ghost
67%
Devin Townsend Project Addicted Ih-Ah!
67%
Devin Townsend PowerNerd Jainism
67%
Devin Townsend Physicist Jupiter
67%
Devin Townsend Project Ki Lady Helen
67%
Devin Townsend Ocean Machine: Biomech Life
67%
Casualties of Cool Casualties of Cool Moon
67%
Devin Townsend Lightwork Moonpeople
67%
Devin Townsend Ziltoid The Omniscient N9
67%
Devin Townsend Physicist Namaste
67%
Devin Townsend Ocean Machine: Biomech Night
67%
The Devin Townsend Band Synchestra Notes From Africa
67%
Devin Townsend Terria Olives
67%
Devin Townsend Project Deconstruction Praise The Lowered
67%
Strapping Young Lad Strapping Young Lad Relentless
67%
Devin Townsend Project Addicted Resolve!
67%
Devin Townsend Project Epicloud Save Our Now
67%
Devin Townsend Ocean Machine: Biomech Seventh Wave
67%
Devin Townsend Empath Singularity
67%
Devin Townsend Ocean Machine: Biomech Sister
67%
Devin Townsend Infinity Soul Driven
67%
Devin Townsend Project Deconstruction Stand
67%
The Devin Townsend Band Accelerated Evolution Storm
67%
Devin Townsend Project Deconstruction Sumeria
67%
Devin Townsend Tests of Manhood Summer
67%
The Devin Townsend Band Accelerated Evolution Sunday Afternoon
67%
Devin Townsend Project Addicted Supercrush!
67%
Strapping Young Lad Heavy as a Really Heavy Thing S.Y.L
67%
Devin Townsend Ziltoid The Omniscient Tall Latte
67%
Strapping Young Lad Alien Thalamus
67%
Devin Townsend Terria The Fluke
67%
Devin Townsend Project Deconstruction The Mighty Masturbator
67%
Devin Townsend Project Addicted The Way Home!
67%
Devin Townsend Project Transcendence Transdermal Celebration
67%
The Devin Townsend Band Synchestra Triumph
67%
Devin Townsend Project Epicloud True North
67%
Devin Townsend Infinity Truth
67%
Devin Townsend Project Transcendence Truth
67%
Strapping Young Lad City Underneath the Waves
67%
Devin Townsend Project Addicted Universe in a Ball!
67%
Strapping Young Lad City Velvet Kevorkian
67%
Devin Townsend Empath Why?
67%
Strapping Young Lad Alien Zen
67%
Devin Townsend Project Ki A Monday
33%
Devin Townsend Project Sky Blue A New Reign
33%
Devin Townsend Project Epicloud Angel
33%
Devin Townsend Infinity Ants
33%
The Devin Townsend Band Synchestra A Simple Lullaby
33%
The Devin Townsend Band Accelerated Evolution Away
33%
Devin Townsend Empath Borderlands
33%
Strapping Young Lad Strapping Young Lad Bring on the Young
33%
Devin Townsend Quarantine Project Call of the Void
33%
Devin Townsend Lightwork Call of the Void
33%
Devin Townsend Empath Castaway
33%
Devin Townsend Lightwork Children of God
33%
Devin Townsend Project Ki Coast
33%
Strapping Young Lad Heavy as a Really Heavy Thing Critic
33%
Strapping Young Lad The New Black Decimator
33%
Strapping Young Lad City Detox
33%
Devin Townsend Dark Matters Dimension Z
33%
Strapping Young Lad Strapping Young Lad Dire
33%
Devin Townsend Project Ki Disruptr
33%
Devin Townsend Terria Down and Under
33%
Devin Townsend Infinity Dynamics
33%
Devin Townsend Empath Evermore
33%
Strapping Young Lad Heavy as a Really Heavy Thing Exciter
33%
Devin Townsend Punky Brüster - Cooked on Phonics Fake Punk
33%
Devin Townsend Project Ghost Fly
33%
Casualties of Cool Casualties of Cool Forgive Me
33%
Devin Townsend Physicist Forgotten
33%
Strapping Young Lad The New Black Fucker
33%
The Devin Townsend Band Synchestra Gaia
33%
Devin Townsend Project Ki Gato
33%
Devin Townsend Empath Genesis
33%
Strapping Young Lad Heavy as a Really Heavy Thing Goat
33%
Devin Townsend Ocean Machine: Biomech Greetings
33%
Devin Townsend Empath Hear Me
33%
Devin Townsend Project Ki Heaven Send
33%
Devin Townsend Ocean Machine: Biomech Hide Nowhere
33%
Devin Townsend Terria Humble
33%
The Devin Townsend Band Synchestra Hypergeek
33%
Strapping Young Lad Alien Info Dump
33%
Strapping Young Lad Heavy as a Really Heavy Thing In The Rainy Season
33%
Devin Townsend Physicist Irish Maiden
33%
Strapping Young Lad Heavy as a Really Heavy Thing Japan
33%
The Devin Townsend Band Synchestra Judgement
33%
Devin Townsend Project Addicted Juno
33%
Devin Townsend Project Ghost Kawaii
33%
Devin Townsend Project Epicloud Lessons
33%
The Devin Townsend Band Synchestra Let It Roll
33%
Devin Townsend Project Epicloud Liberation
33%
Devin Townsend Project Epiclouder Love Tonight
33%
Devin Townsend Dark Matters March of the Poozers
33%
Devin Townsend Punky Brüster - Cooked on Phonics Metal Dilemma
33%
Devin Townsend Project Sky Blue Midnight Sun
33%
Devin Townsend Project Epicloud More!
33%
Devin Townsend The Puzzle Mother
33%
Casualties of Cool Casualties of Cool Mountaintop
33%
Devin Townsend Terria Nobody's Here
33%
Devin Townsend Infinity Noisy Pink Bubbles
33%
Devin Townsend Project Addicted Numbered!
33%
Devin Townsend Project Transcendence Offer Your Light
33%
Strapping Young Lad City Oh My Fucking God
33%
Devin Townsend Ziltoid The Omniscient Omnidimensional Creator
33%
Devin Townsend Project Deconstruction Pandemic
33%
Devin Townsend Project Ghost² Perspective
33%
Casualties of Cool Casualties of Cool Disc B Perspective
33%
The Devin Townsend Band Synchestra Pixillate
33%
Devin Townsend Physicist Planet Rain
33%
Devin Townsend Project Deconstruction Poltergeist
33%
Devin Townsend PowerNerd PowerNerd
33%
Devin Townsend Project Ki Quiet Riot
33%
Devin Townsend Project Epiclouder Quietus
33%
The Devin Townsend Band Accelerated Evolution Random Analysis
33%
Strapping Young Lad Strapping Young Lad Rape Song
33%
Devin Townsend Ocean Machine: Biomech Regulator
33%
Devin Townsend Empath Requiem
33%
Strapping Young Lad City Room 429
33%
Strapping Young Lad Heavy as a Really Heavy Thing Satan's Ice Cream Truck
33%
Strapping Young Lad Alien Shine
33%
Devin Townsend Project Sky Blue Silent Militia
33%
Strapping Young Lad Heavy as a Really Heavy Thing Skin Me
33%
Devin Townsend Project Sky Blue Sky Blue
33%
The Devin Townsend Band Accelerated Evolution Slow Me Down
33%
Devin Townsend Empath Spirits Will Collide
33%
Strapping Young Lad City Spirituality
33%
Devin Townsend Empath Sprite
33%
Devin Townsend Terria Stagnant
33%
Devin Townsend The Puzzle StarChasm
33%
The Devin Townsend Band Accelerated Evolution Suicide
33%
The Devin Townsend Band Synchestra Sunset
33%
Devin Townsend Project Ghost Texada
33%
Devin Townsend Physicist The Complex
33%
Strapping Young Lad Heavy as a Really Heavy Thing The Filler - Sweet City Jesus
33%
Devin Townsend The Hummer The Hummer
33%
Strapping Young Lad The New Black The New Black
33%
Devin Townsend Snuggles The Ocean
33%
Devin Townsend Project Sky Blue The Ones Who Love
33%
Casualties of Cool Casualties of Cool Thing
33%
Devin Townsend Terria Tiny Tears
33%
Devin Townsend Project Ki Trainfire
33%
Devin Townsend Project Transcendence Transcendence
33%
The Devin Townsend Band Accelerated Evolution Traveller
33%
Strapping Young Lad Alien Two Weeks
33%
Devin Townsend Infinity Unity
33%
Devin Townsend Terria Universal
33%
Devin Townsend Project Sky Blue Universal Flame
33%
The Devin Townsend Band Synchestra Vampira
33%
The Devin Townsend Band Synchestra Vampolka
33%
Devin Townsend Ocean Machine: Biomech Voices in the Fan
33%
Devin Townsend Infinity War
33%
Devin Townsend Project Sky Blue Warrior
33%
Devin Townsend Project Ghost² Watch You
33%
Devin Townsend Project Epicloud Where We Belong
33%
Strapping Young Lad The New Black Wrong Side
33%
Strapping Young Lad The New Black You Suck
33%
Devin Townsend Dark Matters Ziltoid Goes Home
33%
Devin Townsend Project Ki Ain't Never Gonna Win
0%
Devin Townsend The Puzzle Albert Hall
0%
Devin Townsend Quarantine Project A Newer Reign
0%
Devin Townsend Ziltoid The Omniscient Another Road
0%
Strapping Young Lad The New Black Anti-Product
0%
Devin Townsend The Puzzle Anxiety in Pyjamas
0%
Casualties of Cool Casualties of Cool Disc B Aquarius
0%
Devin Townsend The Hummer Arc
0%
The Devin Townsend Band Project EKO Assignable
0%
Devin Townsend Project Ghost As You Were
0%
Devin Townsend Project Contain Us A Ziltoidian Rapture
0%
Devin Townsend Project Sky Blue Before We Die
0%
Devin Townsend Project Epiclouder Believe
0%
Devin Townsend Snuggles Beyond Measure
0%
Devin Townsend Project Ghost Blackberry
0%
Devin Townsend Snuggles Blue Dot
0%
Casualties of Cool Casualties of Cool Bones
0%
Devin Townsend Nightwork Boogus
0%
Casualties of Cool Casualties of Cool Broken
0%
Devin Townsend Project Deconstruction Brown Man
0%
Devin Townsend Project Ki Call Management
0%
Devin Townsend Project Holding Patterns Canucklehead
0%
Devin Townsend Nightwork Carry Me Home
0%
Devin Townsend Project Addicted Catwalk
0%
Devin Townsend Project Holding Patterns Celestial Signals
0%
Devin Townsend Lightwork Celestial Signals
0%
Strapping Young Lad The New Black C:enter:###
0%
Strapping Young Lad City Centipede
0%
Devin Townsend Nightwork Children of Dog
0%
Devin Townsend The Puzzle Chromatic Ridge
0%
Strapping Young Lad Heavy as a Really Heavy Thing Cod Metal King
0%
Casualties of Cool Casualties of Cool Cold Feet
0%
Devin Townsend Infinity Colonial Boy
0%
Devin Townsend Project Ghost² Coming Home
0%
Devin Townsend The Hummer Consciousness Causes Collapse
0%
Strapping Young Lad Strapping Young Lad Consequence
0%
Devin Townsend The Hummer Cosmic Surf
0%
Devin Townsend Punky Brüster - Cooked on Phonics Crusty's at the Ivanhoe
0%
Devin Townsend Project Epicloud Cry Forever
0%
Devin Townsend Project Ghost Dark Matters
0%
Casualties of Cool Casualties of Cool Disc B Dead Eyes
0%
Devin Townsend Project Ki Deamon League
0%
Devin Townsend Dark Matters Deathray
0%
Casualties of Cool Casualties of Cool Deathscope
0%
Devin Townsend The Puzzle Devil in the Details
0%
Strapping Young Lad Strapping Young Lad Devour
0%
Casualties of Cool Casualties of Cool Disc B Dig For Gold
0%
Devin Townsend Lightwork Dimensions
0%
Devin Townsend Project Contain Us Dinosaurs
0%
Strapping Young Lad Strapping Young Lad Dirt Pride
0%
Devin Townsend Snuggles Distant, Elegant
0%
Devin Townsend Ziltoid The Omniscient Don't Know Why
0%
Casualties of Cool Casualties of Cool Disc B Drained
0%
Devin Townsend Dreampiece Dreampiece
0%
Devin Townsend PowerNerd Dreams of Light
0%
Devin Townsend Project Ghost² Drench
0%
Casualties of Cool Casualties of Cool Disc B Drench
0%
Devin Townsend Snuggles Drifting and Dreaming
0%
Strapping Young Lad Heavy as a Really Heavy Thing Drizzlehell
0%
The Devin Townsend Band Project EKO Echo
0%
Devin Townsend Tests of Manhood Empath
0%
Devin Townsend The Hummer Equation
0%
Devin Townsend Quarantine Project Equinox
0%
Devin Townsend Lightwork Equinox
0%
Casualties of Cool Casualties of Cool Ether
0%
Devin Townsend Punky Brüster - Cooked on Phonics EZ$$
0%
Devin Townsend Nightwork Factions
0%
Devin Townsend Project Transcendence Failure
0%
Devin Townsend Project Ghost² Fall
0%
Devin Townsend PowerNerd Falling Apart
0%
Devin Townsend Project Sky Blue Fallout
0%
Devin Townsend Project Holding Patterns Farther On
0%
Casualties of Cool Casualties of Cool Disc B Fight
0%
Casualties of Cool Casualties of Cool Flight
0%
Devin Townsend PowerNerd Flow
0%
Strapping Young Lad Strapping Young Lad Force Fed
0%
Devin Townsend Project Sky Blue Forever
0%
Devin Townsend The Puzzle FrogFlowers
0%
Devin Townsend Dark Matters From Sleep Awake
0%
Devin Townsend Project Transcendence From The Heart
0%
Casualties of Cool Casualties of Cool Disc B Ghost Wives
0%
Devin Townsend PowerNerd Glacier
0%
Casualties of Cool Casualties of Cool Disc B Glass World
0%
Casualties of Cool Casualties of Cool Disc B Gone is Gone
0%
Devin Townsend PowerNerd Goodbye
0%
Devin Townsend Quarantine Project Good Morning!
0%
Devin Townsend PowerNerd Gratitude
0%
Devin Townsend Tests of Manhood Gulag
0%
Devin Townsend Project Holding Patterns Gump
0%
Devin Townsend The Puzzle Hammerhead Sugarplum
0%
Devin Townsend Project Epiclouder Happy Birthday
0%
Strapping Young Lad Heavy as a Really Heavy Thing Happy Camper (Carpe B.U.M)
0%
Strapping Young Lad City Headrhoid
0%
Devin Townsend Project Ghost Heart Baby
0%
Devin Townsend Lightwork Heartbreaker
0%
Devin Townsend Project Epiclouder Heatwave
0%
Devin Townsend Lightwork Heavy Burden
0%
Devin Townsend Quarantine Project Heavy Factions
0%
Devin Townsend Punky Brüster - Cooked on Phonics Heavy Metal Mama
0%
Devin Townsend Punky Brüster - Cooked on Phonics Heinous Anus
0%
Casualties of Cool Casualties of Cool Hejda
0%
Devin Townsend Project Transcendence Higher
0%
Devin Townsend Project Deconstruction Ho Krll
0%
Devin Townsend Project Epicloud Hold On
0%
Strapping Young Lad City Home Nucleonics
0%
Devin Townsend Quarantine Project Honeybunch
0%
Strapping Young Lad The New Black Hope
0%
Devin Townsend Nightwork Hope is in the World
0%
Devin Townsend Snuggles I Agree
0%
Devin Townsend Project Ghost Infinite Ocean
0%
Devin Townsend Project Holding Patterns Into the Sun
0%
Devin Townsend The Puzzle Kittenhead
0%
Devin Townsend PowerNerd Knuckledragger
0%
Devin Townsend Punky Brüster - Cooked on Phonics Larry's O
0%
Strapping Young Lad Strapping Young Lad Last Minute
0%
Devin Townsend Project Holding Patterns Lexus
0%
Devin Townsend The Puzzle Life Is but a Dream
0%
Devin Townsend Lightwork Lightworker
0%
Devin Townsend The Puzzle Light Year Whale
0%
Devin Townsend Project Epiclouder Little Pig
0%
The Devin Townsend Band Project EKO Locate
0%
Devin Townsend Project Holding Patterns Loud
0%
Devin Townsend Project Epiclouder Love And Marriage
0%
Devin Townsend Christeen (Plus Four Demos) EP Love-Load
0%
Devin Townsend Project Epicloud Lucky Animals
0%
Devin Townsend Project Deconstruction Madd at My Dadd
0%
Devin Townsend Physicist Man
0%
Devin Townsend Physicist Material
0%
Devin Townsend The Puzzle Maybe Over the Void
0%
Devin Townsend The Puzzle Me and the Moon
0%
Devin Townsend Project Ghost² Mend
0%
Casualties of Cool Casualties of Cool Disc B Mend
0%
The Devin Townsend Band Synchestra Mental Tan
0%
Devin Townsend Punky Brüster - Cooked on Phonics Metal Heads Are Punk Rockers
0%
Devin Townsend Tests of Manhood Methuselah
0%
Devin Townsend Tests of Manhood Middle Aged Man
0%
Devin Townsend Snuggles Minds Are Changing
0%
Strapping Young Lad Heavy as a Really Heavy Thing Monday
0%
Devin Townsend Project Holding Patterns Monkey Mind
0%
Devin Townsend Project Ghost Monsoon
0%
Strapping Young Lad The New Black Monument
0%
Devin Townsend The Puzzle Monuments of Glitch
0%
Devin Townsend Project Ghost² Moonshine
0%
Casualties of Cool Casualties of Cool Disc B Moonshine
0%
Devin Townsend Punky Brüster - Cooked on Phonics Oats Peas Beans & Barley
0%
Devin Townsend Physicist Ocean Machines
0%
Devin Townsend Quarantine Project Part 1
0%
Devin Townsend The Puzzle Perfect Owl
0%
Devin Townsend Punky Brüster - Cooked on Phonics Picture of Myself
0%
Casualties of Cool Casualties of Cool Pier
0%
Strapping Young Lad The New Black Polyphony
0%
Strapping Young Lad Alien Possessions
0%
Devin Townsend Quarantine Project Precious Sardine
0%
Devin Townsend Nightwork Precious Sardine
0%
Devin Townsend Christeen (Plus Four Demos) EP Processional
0%
Devin Townsend Physicist Promise
0%
Casualties of Cool Casualties of Cool Pure
0%
Devin Townsend Project Ghost² Radial Highway
0%
Devin Townsend Project Sky Blue Rain City
0%
Devin Townsend Punky Brüster - Cooked on Phonics Recipe for Bait
0%
Devin Townsend Project Sky Blue Rejoice
0%
Devin Townsend Snuggles Replikiss
0%
Devin Townsend PowerNerd Ruby Quaker
0%
Devin Townsend Project Ghost² Saloon
0%
Devin Townsend Project Ghost Seams
0%
Devin Townsend Project Transcendence Secret Sciences
0%
Devin Townsend The Puzzle Shark in the Ice
0%
Devin Townsend Silent Night Silent Night
0%
Devin Townsend Christeen (Plus Four Demos) EP Sit in the Mountain
0%
Devin Townsend Nightwork Sober
0%
Devin Townsend Project Epiclouder Socialization
0%
Devin Townsend Project Transcendence Sophie's Boobies
0%
Devin Townsend The Puzzle Southern Sky Geometry
0%
Devin Townsend Quarantine Project Stampy's Blaster!
0%
Devin Townsend Nightwork Stampys Blaster
0%
Devin Townsend Nightwork Starchasm Pt. 2
0%
Devin Townsend Project Transcendence Stars
0%
Devin Townsend Project Ki Sticks and Stones
0%
Devin Townsend Project Transcendence Stormbending
0%
Devin Townsend Snuggles Sundance
0%
Devin Townsend Snuggles Sunset Rump
0%
The Devin Townsend Band Synchestra Sunshine and Happiness
0%
Devin Townsend Project Holding Patterns Support the Cause
0%
Devin Townsend Project Ki Synchronicity Freaks
0%
Devin Townsend Project Epicloud Take My Ego
0%
Devin Townsend Project Ki Terminal
0%
Devin Townsend The Hummer The Abacus
0%
Casualties of Cool Casualties of Cool The Bridge
0%
Casualties of Cool Casualties of Cool The Code
0%
Devin Townsend Tests of Manhood The Contrarian
0%
Casualties of Cool Casualties of Cool The Field
0%
Devin Townsend Punky Brüster - Cooked on Phonics The Girls Next Door
0%
Strapping Young Lad The New Black The Long Pig
0%
Devin Townsend Project Epiclouder The Mind WASP
0%
Devin Townsend Snuggles The Option
0%
Devin Townsend The Puzzle The Puzzle
0%
Devin Townsend Quarantine Project The Vengabuds
0%
Devin Townsend Tests of Manhood The Waiting Kind
0%
Devin Townsend The Puzzle The Yugas
0%
Devin Townsend Ocean Machine: Biomech Thing Beyond Things
0%
Devin Townsend Tests of Manhood This Is Your Life
0%
Devin Townsend Dark Matters Through the Wormhole
0%
Devin Townsend Project Holding Patterns Time Overload
0%
Devin Townsend Tests of Manhood Total Collapse
0%
Devin Townsend Project Deconstruction Traestorz
0%
Devin Townsend Ziltoid The Omniscient Travelling Salesman
0%
Devin Townsend PowerNerd Trustfxxx
0%
Devin Townsend Snuggles Tryst
0%
Devin Townsend PowerNerd Ubelia
0%
Devin Townsend Lightwork Vacation
0%
Devin Townsend PowerNerd Vast
0%
Devin Townsend Physicist Victim
0%
Devin Townsend Project Holding Patterns Victim
0%
Devin Townsend Punky Brüster - Cooked on Phonics Wallet Chain
0%
Devin Townsend Dark Matters Wandering Eye
0%
Devin Townsend Dark Matters War Princess
0%
Devin Townsend Quarantine Project We Like to Party
0%
Casualties of Cool Casualties of Cool Disc B Where You've Been
0%
Devin Townsend Project Ki Winter
0%
Devin Townsend Project Epiclouder Woah No!
0%
Devin Townsend Project Transcendence Wolves
0%
Devin Townsend Nightwork Yogi
0%
Devin Townsend PowerNerd Younger Lover
0%
Devin Townsend Project Transcendence Young Gods
0%
Devin Townsend The Puzzle Yucky Lung
0%
Devin Townsend Dark Matters Z2
0%
Devin Townsend Dark Matters Ziltoidian Empire
0%
Strapping Young Lad Alien Zodiac
0%
Strapping Young Lad The New Black Zodiac
0%
Devin Townsend Quarantine Project ZTV Rough Tests
0%
No matching quizzes found
Score Distribution
Percent of People with Each Score
Percentile by Number Answered
Your Score History
You have not taken this quiz since the last reset